Seleções da UEFA pelo Ranking da FIFA - Statistics

Estatísticas Gerais
  • Esse quiz foi jogado 152 vezes
    51 desde o último reset
  • A pontuação média é 17 de 20
Estatísticas das Respostas
Rank Iniciais Seleção % Correto
2 E Espanha
100%
1 F França
100%
5 P Portugal
100%
4 I Inglaterra
98%
10 A Alemanha
94%
20 D Dinamarca
94%
9 B Bélgica
92%
11 C Croácia
92%
12 I Itália
90%
19 S Suíça
88%
7 PB Países Baixos
86%
35 P Polônia
82%
24 A Áustria
80%
31 N Noruega
80%
38 S Suécia
80%
22 T Turquia
78%
32 U Ucrânia
76%
36 R Rússia
73%
39 S Sérvia
71%
37 PG País de Gales
65%
Nenhum quiz correspondente encontrado
Distribuição das Pontuações
Porcentagem de Pessoas com Cada Pontuação
Percentil de Números Respondidos
Sua Pontuação Histórica
Você não jogou esse quiz desde o último reset